00941cam a22003017a 4500003000500000005001700005008004100022010000900063011000900072035000900081040000900090100003800099245009300137260003400230300001000264410000900274490003600283500001800319650004000337650002600377650002700403650002700430700003200457700003000489710007500519810000900594830003600603CHAP20260210122824.0971013s1992 r 00010 d a7588 a8560 a7789 cCHAP10aDelgado Mendoza, Francisco Javier13aEl riesgo en proyectos agropecuarios de inversión y alternativas para su disminución aMorelia, Mich. :bFIRA,c1992 a64 p. aFIRA 0aBoletin informativov; 25 (243) ac.4 en bodega14aAgriculturaxAspectos económicos.14aCrédito agrícola.14aInversioneszMéxico.14aPolítica agrícola.0 aQuintero Lizaola, Humberto.0 aVela González, Rodolfo.0 aFideicomisos Instituídos en Relación con la Agricultura. México. aFIRA0 aBoletin informativov; 25 (243)